000 00681nam a22002417a 4500
003 UA-OsUOA
001 117532
007 ta
008 20160530b un ||||| |||| 00| 0 ukr d
100 _aНосс И. Н.
090 _a159.9.07(075.8)
_bН84
942 _cBK
040 _aUA-OsUOA
_brus
_cUA-OsUOA
_dUA-OsUOA
245 _aВведение в практику психологического эксперимента
_bучебное пособие
300 _a304 с.
955 _a2
041 _arus
080 _a159.9.07(075.8)
020 _a5-9292-0152-8
260 _aМ.
_bПЕР СЭ
_c2006
650 7 _a159.9 Психологія
_2UDC
999 _c403561
_d403561